000 00535nam a2200193Ia 4500
005 20250508163647.0
008 008 250505s9999 xx 000 0 eng d
037 _aTextual
040 _aFEDL
_beng
_cFEDL
041 _aeng
_2eng
084 _a370.1, RUS
_qFEDL
100 _aRusk Robert R
245 0 _aMahan shikshko ke shiksha-siddhant
260 _aBhopal, India
_bMadhya Pradesh Hindi Granth Academy
_c1983
300 _a376p
365 _aINR
_b25
942 _cTEXL
_h370.1, RUS
999 _c1384561
_d1384561